Normal view
MARC view
- Supervisors Dr. Ahsan Shehzad Dr. Wasi Haider
Entry Personal Name
001 - CONTROL NUMBER
- control field: 72929
003 - CONTROL NUMBER IDENTIFIER
- control field: NUST
005 - DATE AND TIME OF LATEST TRANSACTION
- control field: 20210628204938.0
008 - FIXED-LENGTH DATA ELEMENTS
- fixed length control field: 210628|| aca||aabn | a|a d
040 ## - CATALOGING SOURCE
- Original cataloging agency: NUST
- Transcribing agency: NUST
100 ## - HEADING--PERSONAL NAME
- Personal name: Supervisors Dr. Ahsan Shehzad Dr. Wasi Haider
670 ## - SOURCE DATA FOUND
- Source citation: Work cat.: (NUST): Hassan Ali Haris Zia M. Usman Ali Aamir Sohail 72927, PR-SOF-1866-Cholistan Rally Arena Online, 2020
